000 00826nam a22002657a 4500
001 BR7705575
003 BR-BrBNA
005 20230928085449.0
007 ta
008 230509b bl.||||| |||| 00| 0 por d
040 _aBR-BrBNA
_bpor
_cBiblioteca Nacional de Agricultura
041 _a(Por)
072 _aN10; E10
_b/G514
090 _ N10 BR7705575
110 1 _aComissao Estadual de Planejamento Agricola, Vitoria, ES (Brasil)
245 1 _aProjeto: subsidios para um projeto de eletrificacao rural para a regiao de Santa Teresa - E. Santo [economia, Brasil]
260 3 _aVitoria, ES (Brasil):
_c1977.
300 _a10 p.
500 _a2 tables; 4 ref.
650 _aECONOMIA
650 _aELETRIFICACAO RURAL
650 _aPROJETO DE DESENVOLVIMENTO
909 _a202309
_bLucia
_c55
_dLucia Elande
942 _cBK
999 _c24565
_d24565